The psychology of religious doubt.

Сохранить в:
Библиографические подробности
Главный автор: Helfaer, Philip (autor)
Формат:
Язык:английский
Серии:(The psychology of religious doubt)
Предметы:
Метки: Добавить метку
Нет меток, Требуется 1-ая метка записи!

MARC

LEADER 00000cam^a2200000uu^4500
001 000468432
005 20250521000000.0
008 050901s1972^^^^^^^^^^^^rd^r^^000^0^eng^d
009 20260310124512.679
022 |a 08007011347 
035 |a FCE 000011168 
035 |a FCE 033296 
037 |a Acervo ITESO - Biblioteca 
041 |a eng 
082 0 4 |a 155.94  |b HELp 
100 |a Helfaer, Philip  |e (autor) 
245 1 4 |a The psychology of religious doubt. 
264 |a Estados Unidos :  |b Beacon,  |c 1972. 
300 |a 345 p. 
336 |a texto  |b txt  |2 rdacontenido 
337 |a sin mediación  |b n  |2 rdamedio 
338 |a volumen  |b nc  |2 rdasoporte 
440 4 |a (The psychology of religious doubt) 
649 |a XX 
650 |a Religión 
650 |a Psicología 
650 |a Libertad 
650 |a Teología 
910 |a Fondo Centro de Estudios Educativos 
920 |a Impresos - Libros 
930 |a Fondos Especiales 
905 |a 133 
901 |a ALE033296  |b IT2  |c CEE  |u 20250521 
902 |a https://opac.biblio.iteso.mx/vufind/Record/000468432